Painted prints : the revelation of color in Northern Renaissance & Baroque engravings, etchings & woodcuts; [this volume has been published in conjunction with the Exhibition Painted Prints - the Revelation of Color in Northern Renais sance and Baroque Engravings, Etchings, and Woodcuts, organized by the Baltimore Museum of Art, Baltimore, Maryland, and held at the Baltimore Museum of Art 6 October 2002 - 5 January 2003 and Saint Louis Museum of Art 14 February - 18 May 2003]
Saved in:
| Document Type: | Conference Proceeding Book |
|---|---|
| Language: | English |
| Published: |
Baltimore, Md.
: Baltimore Museum of Art [u.a.]
, 2002
|
| Subjects: | |
| Online Access: | Rezension Inhaltsverzeichnis |
| Related Items: | Rezensiert in:
Schriften von Christian Rümelin ; 12: Baltimore and Saint Louis painted prints Rezensiert in: [Rezension von: Susan Dackerman, Painted Prints, the revelation of color in Northern Renaissance & Baroque engravings, etchings & woodcuts] Rezensiert in: [Rezension von: Susan Dackerman (Hrsg.), Painted prints] |
| Author Notes: | Susan Dackerman |
| LEADER | 04565cam a2200757 c 4500 | ||
|---|---|---|---|
| 001 | 1602571341 | ||
| 003 | DE-627 | ||
| 005 | 20251225191309.0 | ||
| 007 | tu | ||
| 008 | 021209s2002 xx ||||| c 00| ||eng c | ||
| 020 | |a 0271022345 |q (cloth) |9 0-271-02234-5 | ||
| 020 | |a 0271022353 |q (paper) |9 0-271-02235-3 | ||
| 024 | 3 | |a 9780271022345 | |
| 035 | |a (DE-627)1602571341 | ||
| 035 | |a (DE-576)102361185 | ||
| 035 | |a (DE-599)BSZ102361185 | ||
| 035 | |a (OCoLC)314059466 | ||
| 035 | |a (OCoLC)314059466 | ||
| 035 | |a (ZDB-19-BRO)7334739 | ||
| 040 | |a DE-627 |b ger |c DE-627 |e rakwb | ||
| 041 | |a eng | ||
| 082 | 0 | |a 769.9430747526 | |
| 084 | |a 9,10 |2 ssgn | ||
| 084 | |a LH 71330 |2 rvk |0 (DE-625)rvk/94867: | ||
| 245 | 0 | 0 | |a Painted prints |b the revelation of color in Northern Renaissance & Baroque engravings, etchings & woodcuts; [this volume has been published in conjunction with the Exhibition Painted Prints - the Revelation of Color in Northern Renais sance and Baroque Engravings, Etchings, and Woodcuts, organized by the Baltimore Museum of Art, Baltimore, Maryland, and held at the Baltimore Museum of Art 6 October 2002 - 5 January 2003 and Saint Louis Museum of Art 14 February - 18 May 2003] |c Susan Dackerman |
| 263 | |a $50.00 | ||
| 264 | 1 | |a Baltimore, Md. |b Baltimore Museum of Art [u.a.] |c 2002 | |
| 300 | |a XII, 297 S. |b überw. Ill. | ||
| 336 | |a Text |b txt |2 rdacontent | ||
| 336 | |a unbewegtes Bild |b sti |2 rdacontent | ||
| 337 | |a ohne Hilfsmittel zu benutzen |b n |2 rdamedia | ||
| 338 | |a Band |b nc |2 rdacarrier | ||
| 583 | 1 | |a Archivierung/Langzeitarchivierung gewährleistet |f SSG |x XA-DE-BW |2 pdager |5 DE-16 | |
| 583 | 1 | |a Archivierung prüfen |c 20240324 |f DE-4165 |z 1 |2 pdager | |
| 655 | 7 | |a Ausstellungskatalog |x The Baltimore Museum of Art |y 06.10.2002-05.01.2003 |z Baltimore, Md. |0 (DE-588)4135467-9 |0 (DE-627)10566491X |0 (DE-576)209660988 |2 gnd-content | |
| 655 | 7 | |a Ausstellungskatalog |x Saint Louis Museum of Art |y 14.02.2003-18.05.2003 |z Saint Louis |0 (DE-588)4135467-9 |0 (DE-627)10566491X |0 (DE-576)209660988 |2 gnd-content | |
| 689 | 0 | 0 | |d g |0 (DE-588)4011882-4 |0 (DE-627)104704861 |0 (DE-576)208896155 |a Deutschland |2 gnd |
| 689 | 0 | 1 | |d s |0 (DE-588)4021845-4 |0 (DE-627)106311913 |0 (DE-576)20894026X |a Grafik |2 gnd |
| 689 | 0 | 2 | |d s |0 (DE-588)4016443-3 |0 (DE-627)104400994 |0 (DE-576)208915974 |a Farbe |2 gnd |
| 689 | 0 | 3 | |a z |2 gnd |a Geschichte 1450-1620 |
| 689 | 0 | |5 (DE-627) | |
| 689 | 1 | 0 | |d g |0 (DE-588)4042203-3 |0 (DE-627)104400765 |0 (DE-576)209049030 |a Niederlande |2 gnd |
| 689 | 1 | 1 | |d s |0 (DE-588)4021845-4 |0 (DE-627)106311913 |0 (DE-576)20894026X |a Grafik |2 gnd |
| 689 | 1 | 2 | |d s |0 (DE-588)4016443-3 |0 (DE-627)104400994 |0 (DE-576)208915974 |a Farbe |2 gnd |
| 689 | 1 | 3 | |a z |2 gnd |a Geschichte 1450-1620 |
| 689 | 1 | |5 (DE-627) | |
| 700 | 1 | |a Dackerman, Susan |d 1964- |0 (DE-588)1016400314 |0 (DE-627)671318004 |0 (DE-576)352139536 |4 oth | |
| 710 | 2 | |a Baltimore Museum of Art |0 (DE-588)1019202-5 |0 (DE-627)103396152 |0 (DE-576)191241768 |4 oth | |
| 711 | 2 | |a Exhibition Painted Prints - the Revelation of Color in Northern Renaissance and Baroque Engravings, Etchings, and Woodcuts |d 2002 - 2003 |c Baltimore, Md.; Saint Louis, Mo. |0 (DE-588)5546577-8 |0 (DE-627)364543280 |0 (DE-576)199341729 |4 oth | |
| 787 | 0 | 8 | |i Rezensiert in |a Rümelin, Christian, 1966 - |t Schriften von Christian Rümelin ; 12: Baltimore and Saint Louis painted prints |d London, 2003 |h Seite 122-123 |w (DE-627)1848919220 |
| 787 | 0 | 8 | |i Rezensiert in |a Riether, Achim, 1959 - |t [Rezension von: Susan Dackerman, Painted Prints, the revelation of color in Northern Renaissance & Baroque engravings, etchings & woodcuts] |d 2004 |w (DE-627)1913728714 |
| 787 | 0 | 8 | |i Rezensiert in |a Rümelin, Christian, 1966 - |t [Rezension von: Susan Dackerman (Hrsg.), Painted prints] |d 2003 |w (DE-627)1920426582 |
| 856 | 4 | 2 | |u https://swbplus.bsz-bw.de/bsz102361185rez.htm |m B:DE-576;DE-16 |q application/pdf |v 20081106090545 |x Verlag |3 Rezension |7 1 |
| 856 | 4 | 2 | |u https://swbplus.bsz-bw.de/bsz102361185inh.htm |m B:DE-576;DE-16 |q application/pdf |v 20091203111038 |x Verlag |3 Inhaltsverzeichnis |7 1 |
| 936 | r | v | |a LH 71330 |b Renaissance |k Kunstgeschichte |k Allgemeines. Allgemeine Kunstgeschichte |k Kunstgeschichte einzelner Gattungen der Kunst |k Zeichnung und Grafik |k Darstellungen einzelner Epochen |k Renaissance |0 (DE-627)1271108054 |0 (DE-625)rvk/94867: |0 (DE-576)201108054 |
| 951 | |a BO | ||
| 990 | |a Deutschland | ||
| 990 | |a Grafik | ||
| 990 | |a Farbe | ||
| 990 | |a Geschichte 1450-1620 | ||
| 990 | |a Niederlande | ||
| 990 | |a Grafik | ||
| 990 | |a Farbe | ||
| 990 | |a Geschichte 1450-1620 | ||
| 991 | |a Rezensiertes Werk | ||
| 999 | |a KXP-PPN1602571341 |e 4957274169 | ||


